[Event "GER-ch TT Bundesliga 199394"]
[Site "GER"]
[Date "1994.??.??"]
[Round "?"]
[White "Lutz, Christopher"]
[Black "Loeffler, Stefan"]
[Result "1-0"]
[WhiteElo "2595"]
[BlackElo "2440"]
[PlyCount "43"]
[EventDate "1993.10.??"]
[EventType "team"]
[EventRounds "15"]
[EventCountry "GER"]
[Source "Fruth,M"]
[SourceDate "2003.05.15"]

1. d4 d5 2. c4 c5 3. Nf3 Nf6 4. e3 e6 5. cxd5 exd5 6. Be2 Nc6 7. O-O c4 8. b3
cxb3 9. Qxb3 Bd6 10. Ba3 O-O 11. Bxd6 Qxd6 12. Nc3 Rd8 13. Rfc1 Bg4 14. Qxb7
Bxf3 15. gxf3 Rab8 16. Qa6 Nh5 17. Ne4 dxe4 18. Qxc6 Qb4 19. fxe4 Nf6 20. e5
Nd5 21. Bf3 Rb6 22. Qxd5 1-0

[Event "Hellir op"]
[Site "Reykjavik"]
[Date "1997.10.27"]
[Round "4"]
[White "Olafsson, Helgi"]
[Black "Westerinen, Heikki MJ"]
[Result "1/2-1/2"]
[WhiteElo "2505"]
[BlackElo "2410"]
[PlyCount "83"]
[EventDate "1997.10.24"]
[EventType "swiss"]
[EventRounds "9"]
[EventCountry "ISL"]
[Source "Fruth,M"]
[SourceDate "2003.05.15"]

1. d4 d5 2. c4 c5 3. cxd5 Nf6 4. e4 Nxe4 5. dxc5 Qa5+ 6. Bd2 Nxd2 7. Qxd2 Qxc5
8. Na3 Bd7 9. Rc1 Qb6 10. Nc4 Qh6 11. f4 Na6 12. Ne5 Qd6 13. Nxd7 Qxd7 14. Nf3
e6 15. Bxa6 bxa6 16. O-O Rd8 17. Qe2 Qxd5 18. Rfd1 Qa5 19. Rxd8+ Qxd8 20. Qxa6
Qb6+ 21. Qxb6 axb6 22. Kf1 f6 23. Rc8+ Kd7 24. Ra8 g6 25. Ke2 Kd6 26. Kd3 Bg7
27. Ra7 Rg8 28. b4 f5 29. a4 Ba1 30. Ng5 Rc8 31. Rxh7 Rc3+ 32. Kd2 Rc4 33. g3
Rxb4 34. Rh6 Rxa4 35. Rxg6 Ra2+ 36. Kd3 Rxh2 37. Nxe6 Ke7 38. Nd4 Bxd4 39. Kxd4
Rb2 40. Rc6 Rb3 41. Ke5 Rb5+ 42. Kd4 1/2-1/2

[Event "Rilton Cup 199798"]
[Site "Stockholm"]
[Date "1998.??.??"]
[Round "5"]
[White "Ulibin, Mikhail"]
[Black "Hellsten, Johan"]
[Result "1/2-1/2"]
[WhiteElo "2535"]
[BlackElo "2495"]
[PlyCount "23"]
[EventDate "1997.12.??"]
[EventType "swiss"]
[EventRounds "9"]
[EventCountry "SWE"]
[Source "Fruth,M"]
[SourceDate "2003.05.15"]

1. d4 d5 2. c4 c5 3. cxd5 cxd4 4. Nc3 Nf6 5. Nf3 Nc6 6. Bf4 a5 7. e3 Bf5 8. Bd3
Bxd3 9. Qxd3 e6 10. O-O Bd6 11. Bxd6 Qxd6 12. Rfc1 1/2-1/2

[Event "Hafnarfjordur schev T"]
[Site "Hafnarfjordur"]
[Date "1997.??.??"]
[Round "7"]
[White "Astrom, Robert"]
[Black "Westerinen, Heikki MJ"]
[Result "1-0"]
[WhiteElo "2455"]
[BlackElo "2410"]
[PlyCount "69"]
[EventDate "1997.12.13"]
[EventRounds "9"]
[EventCountry "ISL"]
[Source "Fruth,M"]
[SourceDate "2003.05.15"]

1. d4 d5 2. c4 c5 3. Nf3 dxc4 4. d5 e6 5. Nc3 exd5 6. Qxd5 Qxd5 7. Nxd5 Bd6 8.
e4 Ne7 9. Bxc4 Nbc6 10. O-O Nxd5 11. Bxd5 Nb4 12. Bc4 f6 13. Rd1 Be7 14. a3 Nc2
15. Ra2 Bg4 16. b3 Bxf3 17. gxf3 Nd4 18. Kg2 O-O-O 19. Be3 Kc7 20. Bd5 g5 21.
b4 b6 22. bxc5 bxc5 23. Bxd4 cxd4 24. Rc2+ Kd7 25. Rxd4 Bd6 26. Ra4 Ke7 27.
Rxa7+ Rd7 28. Ra6 Rb8 29. a4 Be5 30. Re6+ Kd8 31. Bc6 Rc8 32. a5 Rcc7 33. a6
Re7 34. Rd2+ Kc8 35. Bb7+ 1-0

[Event "Manhems op"]
[Site "Manhems"]
[Date "1998.??.??"]
[Round "7"]
[White "Hausner, Ivan"]
[Black "Westerinen, Heikki MJ"]
[Result "1/2-1/2"]
[WhiteElo "2415"]
[BlackElo "2410"]
[PlyCount "118"]
[EventDate "1998.??.??"]
[EventType "swiss"]
[EventRounds "9"]
[EventCountry "SWE"]
[Source "Fruth,M"]
[SourceDate "2003.05.15"]

1. d4 d5 2. c4 c5 3. cxd5 Nf6 4. Nf3 cxd4 5. Qxd4 Qxd5 6. Nc3 Qxd4 7. Nxd4 a6
8. g3 e5 9. Nc2 Bd7 10. Bg2 Bc6 11. O-O Bxg2 12. Kxg2 h6 13. Rd1 Nc6 14. b3 Bc5
15. Na4 Be7 16. Bb2 O-O 17. Ne3 Rfd8 18. Nb6 Rxd1 19. Rxd1 Rd8 20. Nbd5 Nxd5
21. Nxd5 Bd6 22. Ne3 Bc7 23. Rxd8+ Bxd8 24. Kf3 f6 25. Nf5 Bc7 26. g4 g6 27.
Nxh6+ Kg7 28. g5 fxg5 29. Ng4 Kf7 30. Ke4 Ke6 31. h3 Bd6 32. Bc3 Bc7 33. Bd2
Nd4 34. Kd3 Bd8 35. Nh2 Kd5 36. e4+ Kd6 37. Bc3 Ne6 38. Ng4 Nf4+ 39. Kd2 Nxh3
40. Bxe5+ Ke6 41. Bd4 Nf4 42. Ke3 Ng2+ 43. Kf3 Nh4+ 44. Ke2 Ng2 45. Ne3 Nf4+
46. Kd1 Nd3 47. Nd5 Ne5 48. Ke2 Nf7 49. Ke3 Nd6 50. a4 Nf7 51. Nb4 Be7 52. Nd3
Bd6 53. Bc3 Be7 54. Bb4 Bxb4 55. Nxb4 Ne5 56. Nd3 Kd6 57. Kd4 Nf3+ 58. Ke3 Ne5
59. Ne1 Kc5 1/2-1/2

[Event "Liechtenstein op"]
[Site "Schaan"]
[Date "1998.??.??"]
[Round "6"]
[White "Gheorghiu, Florin"]
[Black "Westerinen, Heikki MJ"]
[Result "1/2-1/2"]
[WhiteElo "2455"]
[BlackElo "2410"]
[PlyCount "24"]
[EventDate "1998.05.15"]
[EventType "swiss"]
[EventRounds "9"]
[EventCountry "NED"]
[Source "Fruth,M"]
[SourceDate "2003.05.15"]

1. d4 d5 2. c4 c5 3. cxd5 Nf6 4. dxc5 Qxd5 5. Qxd5 Nxd5 6. e4 Nb4 7. Na3 e5 8.
Be3 N8a6 9. Nf3 f6 10. Bxa6 Nxa6 11. Rc1 Bd7 12. Nc4 Bxc5 1/2-1/2

[Event "Gudmundur Arason op 4"]
[Site "Hafnarfjordur"]
[Date "1998.12.22"]
[Round "9"]
[White "Lugovoi, Aleksei"]
[Black "Westerinen, Heikki MJ"]
[Result "1-0"]
[WhiteElo "2525"]
[BlackElo "2435"]
[PlyCount "95"]
[EventDate "1998.12.??"]
[EventType "swiss"]
[EventRounds "9"]
[EventCountry "ISL"]
[Source "Fruth,M"]
[SourceDate "2003.05.15"]

1. d4 d5 2. c4 c5 3. Nf3 cxd4 4. cxd5 Nf6 5. Nxd4 Nxd5 6. e4 Nc7 7. Nc3 e5 8.
Ndb5 Qxd1+ 9. Kxd1 Nxb5 10. Nxb5 Na6 11. Bc4 Bc5 12. Ke2 Ke7 13. a3 Bd7 14.
Bg5+ f6 15. Bd2 Rhc8 16. b3 Nc7 17. Nc3 Ne6 18. a4 Nd4+ 19. Kd3 Be6 20. Nd5+
Kf7 21. f4 Rd8 22. Rhf1 Kg8 23. f5 Bf7 24. b4 Bd6 25. g4 Kf8 26. g5 Be7 27.
gxf6 Bxf6 28. b5 Rac8 29. Rac1 Ke8 30. Be3 Bxd5 31. Bxd5 Rxc1 32. Rxc1 Nxf5 33.
exf5 Rxd5+ 34. Ke4 Rd8 35. Bxa7 Ra8 36. b6 Rd8 37. a5 Rd4+ 38. Kf3 Rf4+ 39. Ke3
Ra4 40. Rc8+ Kd7 41. Rc7+ Kd6 42. Rxb7 Ra3+ 43. Ke2 Rxa5 44. Rf7 Kc6 45. Rc7+
Kd6 46. Bb8 Ra8 47. Ba7 Rf8 48. Rc2 1-0

[Event "Independence Cup"]
[Site "Kyiv UKR"]
[Date "2003.08.19"]
[Round "7"]
[White "Zubov, Alexander"]
[Black "Demkovich, Anatoliy"]
[Result "1-0"]
[WhiteElo "2507"]
[BlackElo "2422"]
[PlyCount "59"]
[EventDate "2003.08.13"]
[EventType "swiss"]
[EventRounds "11"]
[EventCountry "UKR"]
[Source "Fruth,M"]
[SourceDate "2003.05.15"]

1. d4 d5 2. c4 c5 3. cxd5 Nf6 4. e4 Nxe4 5. dxc5 Qa5+ 6. Bd2 Nxd2 7. Nxd2 e6 8.
b4 Qxb4 9. Rb1 Qc3 10. Bb5+ Bd7 11. dxe6 fxe6 12. Ngf3 Qxc5 13. Bxd7+ Nxd7 14.
O-O Qd5 15. Qa4 a6 16. Rfd1 b5 17. Qa5 Be7 18. Nb3 Qb7 19. Qe1 Qb6 20. Rbc1 Nf6
21. Nbd4 O-O 22. Rc6 Qb7 23. Qxe6+ Kh8 24. Ne5 Rad8 25. g4 Bc5 26. g5 Rde8 27.
gxf6 Rxe6 28. Nxe6 gxf6 29. Rd7 Qa8 30. Ng6+ 1-0

[Event "Herne Benefiz rapid op"]
[Site "Herne"]
[Date "2003.09.28"]
[Round "7"]
[White "Dautov, Rustem"]
[Black "Zaitsev, Mikhail"]
[Result "1-0"]
[WhiteElo "2610"]
[BlackElo "2457"]
[PlyCount "60"]
[EventDate "2003.09.27"]
[EventType "swiss (rapid)"]
[EventRounds "7"]
[EventCountry "GER"]
[Source "Fruth,M"]
[SourceDate "2003.05.15"]

1. d4 d5 2. c4 c5 3. cxd5 Nf6 4. Nf3 cxd4 5. Qxd4 Qxd5 6. Nc3 Qxd4 7. Nxd4 a6
8. g3 e5 9. Nc2 Bd7 10. Bg2 Bc6 11. O-O Bxg2 12. Kxg2 Nbd7 13. Bg5 h6 14. Bxf6
Nxf6 15. Ne3 O-O-O 16. Rac1 Kb8 17. Rfd1 Bc5 18. Nf5 g6 19. Rxd8+ Rxd8 20. Nxh6
Rd7 21. h3 Bf8 22. Ng4 Nxg4 23. hxg4 Ka7 24. Rd1 Rc7 25. Rd8 Be7 26. Re8 Bd6
27. Kf3 b5 28. Nd5 Rc2 29. Rd8 Bc5 30. b4 e4+ 1-0

[Event "BL2-West 0304"]
[Site "Germany"]
[Date "2004.??.??"]
[Round "?.1"]
[White "Berkvens, Joost"]
[Black "Zaitsev, Mikhail"]
[Result "1-0"]
[WhiteElo "2455"]
[BlackElo "2455"]
[PlyCount "93"]
[EventDate "2003.12.14"]
[EventType "team"]
[EventRounds "9"]
[EventCountry "GER"]
[Source "ChessBase"]
[SourceDate "2004.07.06"]

1. d4 d5 2. c4 c5 3. cxd5 Nf6 4. e4 Nxe4 5. dxc5 Nxc5 6. Nc3 e5 7. Nf3 Bd6 8.
Be2 O-O 9. O-O Bf5 10. Be3 Nbd7 11. Nb5 Nf6 12. Rc1 b6 13. b4 Nb7 14. Qb3 Qe7
15. Nd2 h6 16. a3 Bd7 17. h3 Ne8 18. Rfe1 Bb8 19. Bf1 Nbd6 20. Nc3 Qh4 21. Ba6
Bc7 22. Nf3 Qf6 23. Bd2 Bxh3 24. Nxe5 Nf5 25. Ne4 Qxe5 26. Qxh3 Nfd6 27. Nc3
Qf6 28. Bd3 Bd8 29. Qg3 Qh4 30. Bf4 Qxg3 31. Bxg3 Bg5 32. Rc2 Rd8 33. Nb5 Nxb5
34. Bxb5 Nd6 35. Bc6 b5 36. Rd1 Bf6 37. Bf4 Nf5 38. Rcd2 Nd6 39. Be3 Nc4 40.
Bxa7 Nxd2 41. Rxd2 Rc8 42. Bc5 Rxc6 43. dxc6 Rc8 44. a4 bxa4 45. b5 Be5 46. Bd6
Bc3 47. Ra2 1-0

[Event "AUT-chT2O 0506"]
[Site "Austria"]
[Date "2005.11.20"]
[Round "4.1"]
[White "Markos, Jan"]
[Black "Wippermann, Till"]
[Result "1/2-1/2"]
[WhiteElo "2495"]
[BlackElo "2446"]
[PlyCount "109"]
[EventDate "2005.10.08"]
[EventType "team"]
[EventRounds "11"]
[EventCountry "AUT"]
[Source "ChessBase"]
[SourceDate "2006.01.03"]

1. d4 d5 2. c4 c5 3. Nf3 Nf6 4. cxd5 cxd4 5. Qxd4 Qxd5 6. Nc3 Qxd4 7. Nxd4 a6
8. e4 e5 9. Nb3 Bb4 10. f3 Be6 11. Be3 Nbd7 12. Kf2 Rc8 13. Be2 Ke7 14. Rac1
Rc6 15. g4 Rhc8 16. Bd2 Ke8 17. Rhd1 Nb6 18. h4 Nc4 19. Bxc4 Rxc4 20. Ne2 Rxc1
21. Rxc1 Rxc1 22. Nexc1 Bd6 23. Nd3 Nd7 24. Be3 b6 25. h5 Kd8 26. g5 g6 27. h6
Bc4 28. Nbc1 Ke7 29. b3 Bb5 30. Nb2 Bc6 31. Nc4 Bc7 32. Nd3 Ke6 33. f4 Bxe4 34.
Ndxe5 Nxe5 35. Nxe5 Kf5 36. Nd7 Bxf4 37. Bxf4 Kxf4 38. Nf6 Kxg5 39. Nxe4+ Kxh6
40. a4 f5 41. Nf6 Kg7 42. Nd5 Kf7 43. Nxb6 Ke6 44. b4 Kd6 45. Nc4+ Kc6 46. Ke3
Kd5 47. Nb6+ Kc6 48. Nc4 Kd5 49. Kd3 h5 50. Ne3+ Kc6 51. Kd4 h4 52. Ke5 h3 53.
Nf1 g5 54. Kxf5 Kd5 55. Kxg5 1/2-1/2

[Event "Bundesliga 0506"]
[Site "Germany"]
[Date "2005.10.22"]
[Round "1.4"]
[White "Braun, Arik"]
[Black "Seel, Christian"]
[Result "1-0"]
[WhiteElo "2465"]
[BlackElo "2492"]
[PlyCount "110"]
[EventDate "2005.10.21"]
[EventType "team"]
[EventRounds "15"]
[EventCountry "GER"]
[Source "ChessBase"]
[SourceDate "2006.01.31"]
[WhiteTeam "Eppingen"]
[BlackTeam "Godesberg"]
[WhiteTeamCountry "GER"]
[BlackTeamCountry "GER"]

1. d4 d5 2. c4 c5 3. Nc3 Nf6 4. Nf3 cxd4 5. Nxd5 Nxd5 6. cxd5 Qxd5 7. Qxd4 Qxd4
8. Nxd4 a6 9. g3 e5 10. Nb3 Bd7 11. Bg2 Bb4+ 12. Kf1 Bc6 13. Be3 a5 14. Rd1 Nd7
15. Bxc6 bxc6 16. Kg2 a4 17. Nd2 O-O-O 18. Nc4 f6 19. Rd3 Nb8 20. Nb6+ Kc7 21.
Rxd8 Rxd8 22. Nxa4 Rd5 23. Nb6 Rb5 24. Nc4 Bc5 25. Bd2 Bb4 26. Bc1 Rd5 27. b3
Nd7 28. Be3 Bc5 29. Bd2 Nb6 30. Ba5 Kb7 31. Bxb6 Bxb6 32. Kf3 f5 33. e3 g5 34.
Ke2 e4 35. h4 f4 36. gxf4 gxf4 37. exf4 Bc7 38. Ke3 Rf5 39. Ne5 Bxe5 40. fxe5
Rxe5 41. Rg1 h6 42. Rg6 Rh5 43. Rg4 Ra5 44. a4 Rc5 45. Kxe4 Rc2 46. f4 Rc3 47.
f5 Kc7 48. f6 Kd7 49. f7 Ke7 50. Rf4 Kf8 51. Rf3 Rc1 52. Ke5 Rc2 53. b4 Rc1 54.
a5 h5 55. Rf4 Ra1 1-0

[Event "Bundesliga 0506"]
[Site "Germany"]
[Date "2005.10.22"]
[Round "1.6"]
[White "Medvegy, Zoltan"]
[Black "Grafl, Florian"]
[Result "0-1"]
[WhiteElo "2478"]
[BlackElo "2413"]
[PlyCount "96"]
[EventDate "2005.10.21"]
[EventType "team"]
[EventRounds "15"]
[EventCountry "GER"]
[Source "ChessBase"]
[SourceDate "2006.01.31"]
[WhiteTeam "Eppingen"]
[BlackTeam "Godesberg"]
[WhiteTeamCountry "GER"]
[BlackTeamCountry "GER"]

1. d4 d5 2. c4 c5 3. cxd5 Nf6 4. dxc5 Qxd5 5. Qxd5 Nxd5 6. a3 e6 7. e4 Nf6 8.
Nd2 Bxc5 9. b4 Bd4 10. Rb1 O-O 11. Ne2 Bb6 12. f3 Nc6 13. Nc4 Bc7 14. Nc3 Nd4
15. Rb2 b5 16. Be3 Nxf3+ 17. gxf3 bxc4 18. Bxc4 Be5 19. Rc2 Bb7 20. O-O a5 21.
b5 Bd6 22. a4 Rac8 23. Nb1 Nd7 24. Rd2 Bc5 25. Kf2 Bxe3+ 26. Kxe3 Nc5 27. Be2
Nxa4 28. Ra2 Nc5 29. Rxa5 f5 30. Nd2 Rfd8 31. Ra7 f4+ 32. Kxf4 Rxd2 33. Ke3 Rc2
34. Rd1 h6 35. Rd6 Kh7 36. Rb6 Ba8 37. Rd6 e5 38. h4 Rc3+ 39. Kf2 Bxe4 40. b6
Rf8 41. Rc7 Bxf3 42. Bxf3 Rfxf3+ 43. Kg2 Rg3+ 44. Kh2 Rh3+ 45. Kg2 Rcg3+ 46.
Kf1 Rh1+ 47. Ke2 Rh2+ 48. Kf1 Ne4 0-1

[Event "Bundesliga 0506"]
[Site "Germany"]
[Date "2005.11.13"]
[Round "4.1"]
[White "Gyimesi, Zoltan"]
[Black "Wippermann, Till"]
[Result "1/2-1/2"]
[WhiteElo "2624"]
[BlackElo "2446"]
[PlyCount "27"]
[EventDate "2005.10.21"]
[EventType "team"]
[EventRounds "15"]
[EventCountry "GER"]
[Source "ChessBase"]
[SourceDate "2006.01.31"]
[WhiteTeam "Eppingen"]
[BlackTeam "Kirchheim"]
[WhiteTeamCountry "GER"]
[BlackTeamCountry "GER"]

1. d4 d5 2. c4 c5 3. cxd5 Nf6 4. e4 Nxe4 5. dxc5 Nxc5 6. Nc3 e5 7. Nf3 Bd6 8.
Bg5 f6 9. Be3 O-O 10. Qc2 g6 11. Bxc5 Bxc5 12. O-O-O Na6 13. d6 Be6 14. Rd2
1/2-1/2

[Event "ch-Euro Blitz"]
[Site "Ajaccio FRA"]
[Date "2007.10.25"]
[Round "7"]
[White "Mikhalevski, V."]
[Black "Landa, K."]
[Result "1-0"]
[WhiteElo "2584"]
[BlackElo "2678"]
[PlyCount "56"]
[EventDate "2007.10.25"]
[SourceDate "1999.07.01"]

1. d4 d5 2. c4 c5 3. cxd5 cxd4 4. Qa4+ Qd7 5. Qxd4 e6 6. Nc3 Nf6 7. e4 exd5 8.
exd5 a6 9. Nf3 Bd6 10. Bd3 O-O 11. O-O Qg4 12. Qxg4 Bxg4 13. Bg5 Nbd7 14. Rad1
Bxf3 15. gxf3 Be5 16. Rfe1 Rfe8 17. Bf5 g6 18. Bc2 Nh5 19. Ne4 Rac8 20. Bb3 f5
21. Ng3 Nhf6 22. Re2 Kg7 23. Rde1 Bxb2 24. Re7+ Kf8 25. d6 Rxe7 26. Rxe7 Rc3
27. Bc1 Ng8 28. Re8+ Kxe8 1-0

[Event "TCh-BEL 2007-8"]
[Site "Belgium BEL"]
[Date "2008.02.17"]
[Round "9"]
[White "Georgiev, Vl"]
[Black "Zaitsev, Mikhail1"]
[Result "1/2-1/2"]
[WhiteElo "2581"]
[BlackElo "2476"]
[PlyCount "85"]
[EventDate "2008.01.06"]
[SourceDate "1999.07.01"]

1. d4 d5 2. c4 c5 3. dxc5 d4 4. Nf3 Nc6 5. e3 e5 6. a3 a5 7. Nxe5 Nxe5 8. exd4
Ng6 9. Be3 Nh6 10. Nc3 Be7 11. Nd5 O-O 12. Bd3 Nf5 13. O-O Bg5 14. Bxg5 Qxg5
15. f4 Qh4 16. Rf2 Ra6 17. Be4 Nge7 18. g3 Qh6 19. Qd3 Nxd5 20. cxd5 Qf6 21.
Rd1 h5 22. d6 Rd8 23. Bg2 Nxd6 24. cxd6 Raxd6 25. d5 Bg4 26. Re1 Rc8 27. h3 Bd7
28. Qd2 Rc5 29. Re5 g6 30. Qe3 Rb5 31. Qc3 Rdb6 32. Kh2 Kg7 33. Qc7 Qd6 34. Rc2
Rb3 35. Qxd6 Rxd6 36. Rc7 Kf8 37. Re2 b6 38. Rec2 Ke7 39. R7c6 Bxc6 40. dxc6
Rd8 41. c7 Rc8 42. Bb7 Kd7 43. Bxc8+ 1/2-1/2

[Event "Politiken Cup 2012"]
[Site "Helsingor DEN"]
[Date "2012.07.31"]
[Round "5.5"]
[White "Salgado Lopez, I."]
[Black "Starostits, I."]
[Result "1-0"]
[WhiteElo "2635"]
[BlackElo "2494"]
[PlyCount "53"]
[EventDate "2012.07.28"]
[SourceDate "1999.07.01"]

1. d4 d5 2. c4 c5 3. Nf3 cxd4 4. cxd5 Nf6 5. Nxd4 Nxd5 6. e4 Nb4 7. Be3 N8c6 8.
Nb5 Bg4 9. f3 Qxd1+ 10. Kxd1 O-O-O+ 11. Nd2 Be6 12. Nxa7+ Nxa7 13. Bxa7 Nxa2
14. Bb5 Kc7 15. Be3 g5 16. Ke2 Ra8 17. Nc4 Bh6 18. Rhd1 b6 19. Nxb6 Ra5 20. Bc4
Bg7 21. Nd5+ Bxd5 22. Bxd5 Rd8 23. Bd2 Rdxd5 24. exd5 Ra6 25. Rab1 h6 26. Be1
Kd7 27. Rd3 1-0